| 000 | 00694nam a2200217 a 4500 | ||
|---|---|---|---|
| 005 | 20180803165050.0 | ||
| 008 | 140122b1999 ck ||||| |||| 00| 0 spa d | ||
| 041 | _aspa | ||
| 044 | _ack | ||
| 090 |
_aIAvH _b00234 |
||
| 100 |
_aLópez, Andrés Augusto _94670 |
||
| 245 |
_aProductos promisorios de la biodiversidad en Colombia _bcriterios de selección y clasificación en la base de datos |
||
| 260 |
_aBogotá _bInstituto Alexander von Humboldt _c1999 |
||
| 300 | _a14 p. | ||
| 650 |
_aBases de datos _926979 |
||
| 650 |
_aSistemas de información _992288 |
||
| 650 |
_aProductos promisorios _94673 |
||
| 650 |
_aEspecies promisorias _94674 |
||
| 662 | _aColombia | ||
| 942 |
_cINFORME _2z _01 |
||
| 999 |
_c3082 _d3082 |
||